[Event "Chigorin Memorial"]
[Site "St Petersburg"]
[Date "2016.10.22"]
[Round "8.170"]
[White "Tikholiz, Sergei"]
[Black "Seregina, Maria"]
[Result "0-1"]
[WhiteElo "1522"]
[BlackElo "1797"]
[PlyCount "108"]
[EventDate "2016.10.15"]
[EventType "swiss"]
[EventRounds "9"]
[EventCountry "RUS"]

1. Nf3 f5 2. e4 fxe4 3. Ng5 Nf6 4. d3 e3 5. Bxe3 e5 6. Be2 d5 7. Nd2 Nc6 8. h4
Qe7 9. Nb3 d4 10. Bd2 Be6 11. Nc5 Bd5 12. Nce4 O-O-O 13. Bf3 h6 14. Nxf6 Bxf3
15. Qxf3 gxf6 16. Qf5+ Kb8 17. Ne4 Bg7 18. Qg6 Rdg8 19. Rh2 Nb4 20. O-O-O Nxa2+
21. Kb1 Qe6 22. Nc5 Qc6 23. Nb3 Bf8 24. Qf7 Rg7 25. Qh5 Nb4 26. Bxb4 Bxb4 27.
g3 a5 28. Nd2 a4 29. Ne4 a3 30. b3 a2+ 31. Kb2 Qa6 32. c3 dxc3+ 33. Ka1 Qa3 34.
Qe2 Qxb3 35. f3 f5 36. Qc2 Qxc2 37. Rxc2 fxe4 38. dxe4 Rxg3 39. Kxa2 Rxf3 40.
Rd5 Re8 41. Kb3 c5 42. Rd6 Ref8 43. Kc4 Rf2 44. Rd8+ Rxd8 45. Rxf2 Rd2 46. Rf8+
Ka7 47. Rf1 c2 48. Ra1+ Kb8 49. h5 Rd1 50. Ra8+ Kxa8 51. Kb5 c1=Q 52. Kb6 Ba5+
53. Kb5 Qb2+ 54. Kc4 Qb4# 0-1

[Event "Chigorin Memorial"]
[Site "St Petersburg"]
[Date "2016.10.22"]
[Round "8.171"]
[White "Zolotyh, Lev"]
[Black "Astakhov, Dmitrii"]
[Result "1-0"]
[WhiteElo "1767"]
[BlackElo "1456"]
[PlyCount "53"]
[EventDate "2016.10.15"]
[EventType "swiss"]
[EventRounds "9"]
[EventCountry "RUS"]

1. e4 d5 2. exd5 Qxd5 3. Nc3 Qa5 4. d4 Nf6 5. Nf3 Bg4 6. h3 Bh5 7. g4 Bg6 8.
Ne5 e6 9. Bg2 c6 10. O-O Bd6 11. f4 Bxe5 12. dxe5 Nd5 13. Nxd5 cxd5 14. f5 h5
15. fxg6 fxg6 16. Qf3 Nd7 17. Qf7+ Kd8 18. Qxe6 Qb6+ 19. Qxb6+ axb6 20. Bg5+
Kc7 21. e6 Nc5 22. Bxd5 Rhf8 23. Bf4+ Kc8 24. e7 Re8 25. b4 Nd7 26. Bd6 Ra3 27.
Be6 1-0

[Event "Chigorin Memorial"]
[Site "St Petersburg"]
[Date "2016.10.22"]
[Round "8.172"]
[White "Moskaleva, Arina"]
[Black "Stepanov, Ivan"]
[Result "0-1"]
[WhiteElo "1479"]
[BlackElo "1760"]
[PlyCount "150"]
[EventDate "2016.10.15"]
[EventType "swiss"]
[EventRounds "9"]
[EventCountry "RUS"]

1. e4 c5 2. Nf3 d6 3. d4 cxd4 4. Nxd4 Nf6 5. Nc3 Nc6 6. Be3 e6 7. Be2 Be7 8.
O-O O-O 9. f4 a6 10. Bf3 Bd7 11. Qe2 Qc7 12. Rad1 Rac8 13. Nb3 b5 14. a3 Rfd8
15. Qf2 Qb8 16. Bb6 Rf8 17. Be3 Ne8 18. Ne2 b4 19. Ned4 bxa3 20. bxa3 Nxd4 21.
Nxd4 Rc3 22. Rb1 Qc8 23. Rb3 Ba4 24. Rxc3 Qxc3 25. e5 d5 26. f5 Bc5 27. Bg4 Nc7
28. f6 g6 29. Kh1 Nb5 30. Qf4 Re8 31. Nxb5 Qxe3 32. Qxa4 axb5 33. Qxb5 Kf8 34.
a4 h5 35. Be2 Ba7 36. Bd3 Rb8 37. Qd7 Qb6 38. Bxg6 Qb7 39. Qd6+ Kg8 40. Bxh5
Qb1 41. Bd1 Bd4 42. Be2 Qb2 43. Bb5 Bxe5 44. Qe7 Qxc2 45. a5 Qh7 46. h3 Qh4 47.
Rf3 Qe1+ 48. Bf1 Qxa5 49. Qd7 Qe1 50. Qc6 Qa1 51. Kg1 Qd4+ 52. Kh1 Qh4 53. Qc1
Bxf6 54. Qc7 Rf8 55. Rg3+ Kh8 56. Rg4 Qh6 57. Qg3 e5 58. Bb5 Qh7 59. Qf3 Qh6
60. Bd7 e4 61. Qg3 e3 62. Bb5 d4 63. Qf3 Rb8 64. Qe4 Rg8 65. Rf4 Qg6 66. Qf3
Qb1+ 67. Kh2 Qxb5 68. Rxf6 Qe5+ 69. Kh1 Rg7 70. Rf5 Qe8 71. Rh5+ Kg8 72. Qf6 e2
73. Kh2 e1=Q 74. Qf4 Rxg2+ 75. Kxg2 Q8e2+ 0-1

[Event "Chigorin Memorial"]
[Site "St Petersburg"]
[Date "2016.10.22"]
[Round "8.173"]
[White "Bulsoev, Alexander"]
[Black "Pankova, Julia"]
[Result "0-1"]
[WhiteElo "1462"]
[BlackElo "1745"]
[PlyCount "106"]
[EventDate "2016.10.15"]
[EventType "swiss"]
[EventRounds "9"]
[EventCountry "RUS"]

1. Nf3 Nf6 2. c4 e6 3. d4 b6 4. Nc3 Bb4 5. a3 Bxc3+ 6. bxc3 O-O 7. Bf4 Bb7 8.
e3 d6 9. Bd3 Nbd7 10. O-O Qe7 11. Bc2 h6 12. Bg3 Rfe8 13. Re1 Ne4 14. Qd3 f5
15. Nd2 Nxd2 16. Qxd2 Rf8 17. e4 Qf7 18. f3 f4 19. Bf2 g5 20. Kh1 Kh8 21. Rg1
Rg8 22. g4 fxg3 23. Rxg3 Qh5 24. Qd3 e5 25. dxe5 Nxe5 26. Bd4 Rae8 27. Rag1 c5
28. Bxe5+ dxe5 29. Rd1 Rgf8 30. Ba4 Re7 31. Kg2 Ref7 32. Rh3 Qxh3+ 33. Kxh3
Rxf3+ 34. Qxf3 Rxf3+ 35. Kg4 Bxe4 36. Rd8+ Kg7 37. Rd7+ Rf7 38. Rxf7+ Kxf7 39.
Bb5 Bg6 40. Kf3 Ke6 41. Bc6 h5 42. Ke3 g4 43. Kf2 Kf5 44. Kg3 Kg5 45. h4+ gxh3
46. Kxh3 Bf5+ 47. Kg3 h4+ 48. Kf2 Kf4 49. Bf3 e4 50. Bh1 Be6 51. Bg2 Bxc4 52.
Bh3 e3+ 53. Ke1 Kg3 0-1

[Event "Chigorin Memorial"]
[Site "St Petersburg"]
[Date "2016.10.22"]
[Round "8.174"]
[White "Riakhovskii, Mark"]
[Black "Pogorelskikh, Sofia"]
[Result "0-1"]
[WhiteElo "1370"]
[BlackElo "1717"]
[PlyCount "72"]
[EventDate "2016.10.15"]
[EventType "swiss"]
[EventRounds "9"]
[EventCountry "RUS"]

1. c4 Nf6 2. Nc3 g6 3. g3 Bg7 4. Bg2 O-O 5. Nf3 d6 6. O-O Nc6 7. a3 a5 8. Rb1
e5 9. d3 Nd4 10. h3 Nxf3+ 11. exf3 Re8 12. Re1 Nd7 13. Ne4 Nc5 14. f4 Ne6 15.
fxe5 dxe5 16. Be3 Nd4 17. Kh1 c6 18. Bxd4 Qxd4 19. Qc2 f5 20. Nc3 Be6 21. Re3
Bf7 22. Ne2 Qd7 23. b4 axb4 24. axb4 Bh6 25. Rf3 Ra3 26. b5 Rea8 27. Nc3 Qd4
28. Ne2 Qa7 29. Nc3 Qa5 30. Rb3 Rxb3 31. Qxb3 Qa1+ 32. Nb1 Ra2 33. bxc6 Rb2 34.
Qxb2 Qxb2 35. c7 Qxb1+ 36. Kh2 Be6 0-1

[Event "Chigorin Memorial"]
[Site "St Petersburg"]
[Date "2016.10.22"]
[Round "8.175"]
[White "Kurbanov, Sergey"]
[Black "Kozyakov, Andrey"]
[Result "0-1"]
[WhiteElo "1198"]
[BlackElo "1620"]
[PlyCount "82"]
[EventDate "2016.10.15"]
[EventType "swiss"]
[EventRounds "9"]
[EventCountry "RUS"]

1. b4 e6 2. Bb2 Nf6 3. a3 c5 4. b5 d5 5. e3 Nbd7 6. Nf3 Bd6 7. d3 O-O 8. Be2
Qa5+ 9. Bc3 Qxb5 10. d4 c4 11. a4 Qc6 12. Nbd2 Qc7 13. h3 b6 14. O-O Re8 15.
Re1 Bb7 16. Nb1 Bc6 17. Qd2 Ne4 18. Qd1 Ndf6 19. Bb2 a6 20. Nbd2 Bb4 21. Ba3
Bxa3 22. Rxa3 b5 23. Nxe4 Nxe4 24. axb5 axb5 25. Ra1 f6 26. Nh2 Ra5 27. f3 Nc3
28. Qd2 b4 29. Bf1 Rea8 30. Rxa5 Qxa5 31. Qc1 Qb6 32. e4 Qxd4+ 33. Kh1 dxe4 34.
fxe4 Nxe4 35. Nf3 Ng3+ 36. Kh2 Nxf1+ 37. Rxf1 Bxf3 38. gxf3 Ra2 39. Kg3 Qe5+
40. Kg4 h5+ 41. Kh4 Rxc2 0-1

[Event "Chigorin Memorial"]
[Site "St Petersburg"]
[Date "2016.10.22"]
[Round "8.178"]
[White "Maltsevskaya, Anna"]
[Black "Kudin, Alexander"]
[Result "1-0"]
[WhiteElo "1243"]
[BlackElo "1313"]
[PlyCount "85"]
[EventDate "2016.10.15"]
[EventType "swiss"]
[EventRounds "9"]
[EventCountry "RUS"]

1. e4 e5 2. Nf3 Nc6 3. Bc4 Nf6 4. Nc3 h6 5. d3 Be7 6. Be3 d6 7. h3 Be6 8. Bxe6
fxe6 9. Qd2 d5 10. exd5 exd5 11. d4 e4 12. Ne5 Bb4 13. Nxc6 bxc6 14. a3 Ba5 15.
b4 Bb6 16. Na4 O-O 17. Qe2 a6 18. Rc1 a5 19. c4 axb4 20. Nxb6 cxb6 21. axb4 Qd6
22. c5 bxc5 23. bxc5 Qd7 24. O-O Nh7 25. Qh5 Nf6 26. Qg6 Qf7 27. Qg3 Kh8 28. f3
Qd7 29. Bf4 Nh5 30. Qh2 Nxf4 31. Kh1 Ne6 32. fxe4 dxe4 33. Rxf8+ Rxf8 34. Qd6
Rd8 35. Qe5 Qxd4 36. Qxe6 Qd5 37. Qe7 Qd2 38. Rf1 e3 39. Rf4 e2 40. Re4 Qd1+
41. Kh2 Rd2 42. Qf8+ Kh7 43. Qf5+ 1-0

[Event "Chigorin Memorial"]
[Site "St Petersburg"]
[Date "2016.10.22"]
[Round "8.180"]
[White "Lantseva, Aleksandra"]
[Black "Timofeev, Vsevolod"]
[Result "1-0"]
[WhiteElo "1359"]
[BlackElo "1301"]
[PlyCount "71"]
[EventDate "2016.10.15"]
[EventType "swiss"]
[EventRounds "9"]
[EventCountry "RUS"]

1. e4 e5 2. Nf3 Nc6 3. d4 exd4 4. Bc4 Nf6 5. e5 d5 6. Bb5 Nd7 7. O-O Bc5 8.
Bxc6 bxc6 9. Nxd4 O-O 10. Nxc6 Qh4 11. Qxd5 Ba6 12. Rd1 Qxf2+ 13. Kh1 Nb6 14.
Qd2 Qh4 15. Qg5 Qa4 16. Ne7+ Kh8 17. Nf5 Rg8 18. b3 Qe4 19. Bb2 Qxc2 20. Rd2
Qe4 21. Nc3 Qc6 22. Nd1 Qb5 23. Nf2 Qb4 24. e6 f6 25. Bxf6 Bf8 26. Nh6 Qe7 27.
Bxe7 g6 28. Nxg8 Kxg8 29. Bxf8 Kxf8 30. Rd8+ Rxd8 31. Qxd8+ Kg7 32. Ng4 Nd5 33.
Qd7+ Kh8 34. Qe8+ Kg7 35. Qf7+ Kh8 36. Qf8# 1-0